000 00354nam a2200133 i 4500
001 bg
100 1 _aOLESZYCKI, Henryk
245 0 _aMateriałoznawstwo :
_bmateriały do ćwiczeń laboratoryjnych /
_cHenryk Oleszycki. T.1.
260 _aBydgoszcz,
_c1969.
040 _cBPK
041 _apol
942 _cKS
008 s pl f |000 0 pol
999 _c10581
_d10581
856 _uhttp://koha.tu.koszalin.pl/cgi-bin/koha/opac-detail.pl?biblionumber=10581
_yKatalog online BPK